000 00309nam a2200133Ia 4500
005 20260328104310.0
008 260328s9999||||xx |||||||||||||| ||und||
100 _aXie, Yeal
245 0 _aSpas Holiday Resorts /
_cYeal Xie
260 _bDesign Media
300 _a236 p.
650 _aHOTELES
942 _cBK
999 _c10931
_d10931